[Event "73rd RUS-ch Higher League 2020"]
[Site "Sochi"]
[Date "2020.10.17"]
[Round "9.22"]
[White "Rodin, Dmitrij"]
[Black "Makarian, Rudik"]
[Result "1/2-1/2"]
[WhiteElo "2388"]
[BlackElo "2441"]
[Annotator "TA"]
[PlyCount "81"]
[EventDate "2020.10.08"]
[EventType "swiss"]
[EventCountry "RUS"]
[SourceTitle "playchess.com"]
[Source "ChessBase"]
[SourceQuality "1"]

{[%evp 17,81,-7,37,-5,2,0,0,0,38,-27,-19,-11,-19,-36,0,0,0,-16,-18,-24,0,-102,-104,-67,-79,-145,-127,-152,-152,-160,-150,-156,-147,-146,-89,-172,-102,-114,-121,-115,0,0,0,0,0,0,0,0,0,0,0,0,0,0,726,0,0,0,0,0,0,0,0,0,0,0]} 1. e4 c5 2. Nf3 e6 3. d4 cxd4 4. Nxd4 a6 5. Bd3 Nf6 6. O-O d6 7. Nc3 Be7 8. Be3 Qc7 9. f4 Nbd7 10. Qf3 {B42: Sicilian: Kan Variation: 5 Bd3.} b5 11. Rae1 Bb7 12. a3 Rc8 {[#]} 13. Qh3 $146 ({Better is} 13. g4 $14) ({Predecessor:} 13. Kh1 O-O 14. g4 Nc5 15. g5 Nfd7 16. Qh5 Qb8 17. Rf3 Rfe8 18. Rh3 Nf8 19. f5 exf5 20. Nxf5 {1-0 (61) Abrahamyan,T (2358)-Bykhovsky,A (2496) chess.com INT 2020}) 13... Nc5 $11 {[%cal Rf6e4]} 14. Bf2 O-O 15. Nf3 d5 {[%cal Rd5e4]} 16. e5 Nfe4 17. Bxc5 Qxc5+ 18. Kh1 g6 {Hoping for ...Nf2+.} 19. Bxe4 (19. Nd1 $11) 19... dxe4 $17 20. Nd2 Rfd8 $36 {[%mdl 2048] Black has strong initiative.} 21. Ndxe4 (21. Re2 $142) 21... Bxe4 22. Nxe4 Qxc2 23. b4 Rc4 $1 {[%cal Rc4e4]} 24. Nf6+ Bxf6 $1 25. exf6 {White wants to mate with Qh6.} Qf5 ({Black should try} 25... h5 26. Qg3 Rd5) 26. Qh4 (26. Qxf5 $17 exf5 27. Rc1) 26... Rd2 (26... Rd3 $19 27. Ra1 h5) 27. Qh6 {[%csl Gf6][%cal Rh6g7]} Qxf6 {And now ...Rcc2 would win.} 28. f5 {Black must now prevent fxg6.} Rcc2 (28... Rd6 $17 {aiming for ...Rh4.} 29. fxe6 Rxe6) 29. fxe6 $11 Rf2 30. exf7+ Qxf7 31. Rxf2 Rxf2 {[%mdl 4096] Endgame KQR-KQR} 32. Kg1 Ra2 {( -> ...Qf2+!)} 33. Qe3 Qd5 {[%csl Ga2][%cal Rd5g2]} 34. Qe8+ {[#]} Kg7 $1 {[%csl Ga2][%cal Rd5g2][%mdl 512]} 35. Qe7+ {[#]} Kh6 $2 {[%mdl 8192]} (35... Kg8 $1 $11 {[%mdl 512]} 36. Qe8+ Kg7 $1 {[%mdl 512]} 37. Qe7+ Kg8 $1 {[%mdl 512]} 38. Qe8+) 36. Qe3+ $2 ({White has to play} 36. Qh4+ $18 Qh5 37. Qf4+ Qg5 38. Qf8+ Kh5 39. Qf3+ Kh6 {[#]} 40. h4 $1 {[%mdl 512]}) 36... Qg5 {The position is equal.} 37. Qh3+ Kg7 38. Qc3+ Kh6 {[%csl Ga2][%cal Rg5g2]} 39. Qh3+ Qh5 {...Qxh3 is the strong threat.} 40. Qe3+ Qg5 41. Qh3+ {White used his chance. Av CentiPawn Loss W=-35/B=-35. Weighted=-63/-33} 1/2-1/2

[Event "73rd RUS-ch Higher League 2020"]
[Site "Sochi"]
[Date "2020.10.17"]
[Round "9.23"]
[White "Obgolts, Erik"]
[Black "Ibadov, Dashgyn"]
[Result "1/2-1/2"]
[WhiteElo "2376"]
[BlackElo "2296"]
[Annotator "TA"]
[PlyCount "86"]
[EventDate "2020.10.08"]
[EventType "swiss"]
[EventCountry "RUS"]
[SourceTitle "playchess.com"]
[Source "ChessBase"]
[SourceQuality "1"]

{[%evp 11,86,-5,-4,0,0,-18,0,-15,5,1,41,35,33,27,81,76,77,77,89,96,162,41,93,16,57,63,62,62,62,62,62,62,67,62,58,58,58,58,63,61,61,60,66,31,39,28,28,28,62,34,34,32,33,33,30,30,30,30,30,0,0,0,0,0,0,0,0,0,0,-21,0,-33,-25,-28,-22,-34,-35]} 1. d4 d5 2. Nf3 Nf6 3. Bf4 c5 4. e3 Nc6 5. Nbd2 Bf5 6. c3 e6 $1 {6...e6 is better than 6...Qb6.} 7. Qb3 {D00: 1 d4 d5: Unusual lines.} Qc8 8. Be2 Be7 9. O-O {The position is equal.} h6 10. dxc5 Bxc5 11. c4 O-O 12. cxd5 Nxd5 (12... exd5 $11 13. Rac1 Bb6) 13. Bg3 $16 {[#] aiming for e4.} Nf6 $146 ({Predecessor:} 13... Bh7 14. Rac1 Bb6 15. Nc4 Bc7 16. Nd6 Bxd6 17. Bxd6 Rd8 18. Bg3 Qd7 19. Rfd1 Qe7 {1-0 (44) Hnydiuk,A (2411)-Kobo,O (2449) chess.com INT 2020}) 14. Rac1 Be7 15. Ne5 Rd8 {[#]} (15... Nd7 $16) 16. Ndf3 (16. Ba6 $1 $18 {[%mdl 512]} Rxd2 (16... bxa6 17. Nxc6) 17. Bxb7) 16... Ne4 {[#]} ({Black should play} 16... Be4 $14) 17. Qa4 (17. Ba6 $1 $16 {[%cal Ra6b7][%mdl 512]} Nc5 {[#]} (17... bxa6 18. Nxc6) 18. Rxc5 $1 {[%mdl 512]} Bxc5 19. Bxb7) 17... Nxg3 18. hxg3 {[%cal Re5c6]} Qb8 19. Rxc6 bxc6 20. Nxc6 {[%mdl 64] Double Attack} Qc7 21. Nxd8 Rxd8 22. Nd4 Bf6 23. Nxf5 exf5 24. b4 Rd2 25. Qe8+ Kh7 26. Bf3 g6 27. a4 Kg7 28. b5 h5 29. Qc6 Qd8 30. Rc1 h4 31. gxh4 f4 $1 32. Qc7 fxe3 33. fxe3 Bxh4 34. Qxd8 Bxd8 $14 {[%mdl 4096] Endgame KRB-KRB} 35. Rc8 Bb6 36. Re8 f5 37. Kf1 Ra2 38. e4 Rxa4 39. e5 Kf7 40. Bc6 Bc5 41. e6+ Kf6 42. Ke2 Ra3 43. Kd2 Ke5 {Av CentiPawn Loss W=-11/B=-10. Weighted=-16/-8} 1/2-1/2

[Event "73rd RUS-ch Higher League 2020"]
[Site "Sochi"]
[Date "2020.10.17"]
[Round "9.24"]
[White "Sergeyev, Alexander"]
[Black "Lugovskoy, Maxim"]
[Result "1/2-1/2"]
[WhiteElo "2374"]
[BlackElo "2420"]
[Annotator "TA"]
[PlyCount "27"]
[EventDate "2020.10.08"]
[EventType "swiss"]
[EventCountry "RUS"]
[SourceTitle "playchess.com"]
[Source "ChessBase"]
[SourceQuality "1"]

{[%evp 16,27,39,22,50,42,67,66,62,0,63,0,85,0]} 1. d4 d5 2. c4 e6 3. Nc3 Nf6 4. Bg5 Be7 5. e3 O-O 6. Nf3 Nbd7 7. Qc2 c6 {7...c6 has lost popularity.} 8. a3 Re8 {is the legacy move (8...h6).} 9. Bd3 Nf8 {D61: Queen's Gambit Declined: Classical: 7 Qc2.} 10. O-O {[#]} N6d7 $146 ({Predecessor:} 10... Ng6 11. Rad1 dxc4 12. Bxc4 h6 13. Bxf6 Bxf6 14. e4 Qc7 15. e5 Be7 16. Rfe1 Nf4 17. Ne4 b6 18. Ba2 Bb7 19. Bb1 Ng6 20. h4 Red8 {0-1 (51) Comellas Blanchart,J (2122)-Luna Cortes,L (2154) Cornella de Llobregat 2013}) 11. Bf4 Nf6 12. Bg5 N6d7 $1 13. Bf4 Nf6 $1 14. Bg5 {White did not feel at home in the position after the opening.} ({Better is} 14. c5 $16) 1/2-1/2

[Event "73rd RUS-ch Higher League 2020"]
[Site "Sochi"]
[Date "2020.10.17"]
[Round "9.25"]
[White "Bimiev, Ahmad"]
[Black "Saidov, Bilukhadzh"]
[Result "1/2-1/2"]
[WhiteElo "2252"]
[BlackElo "2259"]
[Annotator "TA"]
[PlyCount "36"]
[EventDate "2020.10.08"]
[EventType "swiss"]
[EventCountry "RUS"]
[SourceTitle "playchess.com"]
[Source "ChessBase"]
[SourceQuality "1"]

{[%evp 13,36,18,25,14,13,-7,-2,0,0,-12,9,-20,14,4,13,19,45,0,0,0,64,0,0,0,45]} 1. Nf3 d5 2. g3 g6 3. Bg2 Bg7 4. c4 c6 5. O-O Nf6 6. b3 O-O 7. Bb2 b6 {7...a5 is the recent fashion. Played by Maxime Vachier Lagrave in October 2020.} 8. d3 {A11: English Opening: 1...c6.} Bb7 9. cxd5 cxd5 {[#]} 10. Nc3 $146 {[%cal Bb1c3,Bc3b5,Bb5d4][%mdl 32]} ({Predecessor:} 10. Nbd2 Nc6 11. Rc1 Rc8 12. Ne5 Qd6 13. Nxc6 Rxc6 14. Rxc6 Qxc6 15. Nf3 Rc8 16. Bh3 {0-1 (61) Zimina,O (2390)-Afonasieva,A (2302) Moscow 2019}) 10... Nc6 11. Rc1 Rc8 12. a3 a5 13. Nb5 Ba6 14. Nbd4 Bb7 15. Nb5 Ba6 16. Nbd4 Bb7 17. Nb5 Ba6 18. Nbd4 Bb7 {A rather calm draw. Av CentiPawn Loss W=3/B=-28. Weighted=3/-31} 1/2-1/2